Guia sumaria del Archivo del Reino de Mallorca / por Antonio Mut Calafell
Descripción Física:
77 p. : il. ; 24 cm
Otros Autores:
Espanya. Dirección General de Bellas Artes y Archivos
Materias:
Arxiu del Regne de Mallorca -- Guies
MARC
| LEADER | 00000nam a2200000Ia 4500 | ||
|---|---|---|---|
| 001 | 7553 | ||
| 008 | 160829s1984 xx 000 0 cat d | ||
| 080 | |a A-1-265 | ||
| 100 | |a Mut Calafell, Antoni |9 20604 | ||
| 245 | |a Guia sumaria del Archivo del Reino de Mallorca / por Antonio Mut Calafell | ||
| 260 | |a Madrid : |b Ministerio de Cultura, Subdirección General de Archivos, |c 1984 | ||
| 300 | |a 77 p. : |b il. ; |c 24 cm | ||
| 650 | |a Arxiu del Regne de Mallorca |x Guies |9 20605 | ||
| 700 | |a Espanya. Dirección General de Bellas Artes y Archivos |9 20606 | ||
| 901 | |a Arxiu | ||
| 942 | |n 1 | ||
| 952 | |0 0 |1 0 |4 0 |6 A1265 |7 1 |9 41604 |a Arxiu |b Arxiu |d 2016-12-01 |l 0 |o A-1-265 |p 7553 |r 2016-12-01 00:00:00 |w 2016-12-01 |y ARXIU | ||
| 999 | |c 43494 |d 43494 | ||